BUSSINESS ETHICS (Record no. 36565)
[ view plain ]
| 000 -LEADER | |
|---|---|
| fixed length control field | 00285nam a22001337a 4500 |
| 008 - FIXED-LENGTH DATA ELEMENTS--GENERAL INFORMATION | |
| fixed length control field | 171030b xxu||||| |||| 00| 0 eng d |
| 020 ## - INTERNATIONAL STANDARD BOOK NUMBER | |
| International Standard Book Number | 9780395675519 |
| 041 ## - LANGUAGE CODE | |
| Language code of text/sound track or separate title | eng |
| 080 ## - UNIVERSAL DECIMAL CLASSIFICATION NUMBER | |
| Universal Decimal Classification number | 33 |
| 100 ## - Rafti | |
| Rafti | 58 |
| 101 ## - Shkurtesa | |
| Shkurtesa | BUS |
| 245 ## - TITLE STATEMENT | |
| Title | BUSSINESS ETHICS |
| Statement of responsibility, etc | FERRELL.F |
| 942 ## - ADDED ENTRY ELEMENTS (KOHA) | |
| Source of classification or shelving scheme | |
| Item type | Books |
No items available.